Cities with "son" in their names - Statistics

General Stats
  • This quiz has been taken 29 times
  • The average score is 6 of 24
Answer Stats
Area City % Correct
Mississippi Jackson
96%
Florida Jacksonville
89%
Nevada Carson City
82%
Arizona Tucson
75%
Wisconsin Madison
71%
Missouri Jefferson City
61%
Nevada Henderson
50%
Ukraine Kherson
32%
New Jersey Paterson
29%
New Zealand Nelson
18%
Tennessee Johnson City
14%
France Carcassonne
7%
South Carolina Clemson
4%
Russia Dikson
4%
Lombardy Sondrio
4%
Vietnam Nghi Son
0%
Malaysia Port Dickson
0%
North Korea Pyongsong
0%
India Robertsonpet
0%
Paris Rueil-Malmaison
0%
Aisne, France Soissons
0%
South Korea Songnam
0%
India Sonpur
0%
China Wusong
0%
No matching quizzes found
Score Distribution
Percent of People with Each Score
Percentile by Number Answered
Your Score History
You have not taken this quiz